EG industrial (Record no. 79552)

MARC details
000 -LEADER
fixed length control field 00942cab a22002175a 4500
001 - CONTROL NUMBER
control field L141629
008 - FIXED-LENGTH DATA ELEMENTS--GENERAL INFORMATION
fixed length control field 071206e20071124xxkad f s 000 0 eng d
035 ## - SYSTEM CONTROL NUMBER
System control number (Sirsi) u141629
041 0# - LANGUAGE CODE
Language code of text/sound track or separate title eng
100 1# - MAIN ENTRY--PERSONAL NAME
Personal name Higgins, Lawrence
245 00 - TITLE STATEMENT
Title EG industrial
260 ## - PUBLICATION, DISTRIBUTION, ETC.
Date of publication, distribution, etc. 2007
490 #0 - SERIES STATEMENT
Series statement Estates Gazette
Volume/sequential designation (0747) 24 November 2007, 121-133(6)
520 ## - SUMMARY, ETC.
Summary, etc. Reports on the EG European Industrial Summit held in Warsaw, October 2007. Summarises a selection of specially commissioned research papers, including facing logistics challenges in Europe, doing business in Russia, ports and airports, entering new markets. Examines future trends impacting on European and international including, outsourcing of manufacturing, the cost and flexibility of labour and the green agenda.
590 ## - LOCAL NOTE (RLIN)
Local note KA
651 #4 - SUBJECT ADDED ENTRY--GEOGRAPHIC NAME
Geographic name Europe
690 ## - LOCAL SUBJECT ADDED ENTRY--TOPICAL TERM (OCLC, RLIN)
Topical term or geographic name as entry element PROPERTY-INDUSTRIAL PROPERTY
700 1# - ADDED ENTRY--PERSONAL NAME
Personal name Pio Kivlehan, Noella
700 1# - ADDED ENTRY--PERSONAL NAME
Personal name Clift, Patrick
942 ## - ADDED ENTRY ELEMENTS (KOHA)
Suppress in OPAC 0
Holdings
Withdrawn status Lost status Source of classification or shelving scheme Damaged status Not for loan Home library Current library Shelving location Date acquired Total Checkouts Full call number Barcode Date last seen Copy number Price effective from Koha item type
    Dewey Decimal Classification     London London Journal article 06/12/2007   L141629 141629-1001 06/08/2019 1 06/08/2019 Journal article